| 000 | 00446nam a22001697a 4500 | ||
|---|---|---|---|
| 003 | NUST - PNEC | ||
| 005 | 20170116180957.0 | ||
| 008 | 150912b xxu||||| |||| 00| 0 eng d | ||
| 020 | _a- | ||
| 040 | _cLIBRARY | ||
| 082 | _a621.38173 ANT | ||
| 100 |
_99305 _aAntao, Brian |
||
| 245 |
_aModeling & simulation of mixed analog-digital systems _cBrian Antao |
||
| 260 | _cc.1996 | ||
| 650 |
_99309 _aAnalog-digital Systems _xMIS |
||
| 942 |
_2ddc _cBK |
||
| 999 |
_c66576 _d66576 |
||